000 00619nam a2200181 i 4500
001 128291
003 ES-MaACL
005 20230906193226.0
007 t|
008 070628s1970 sp ||||1| spa d
100 1 _aZoeller, Josef Othmar.
_9118323
245 1 3 _aEl ocaso del "señor cura" /
_cJosé Othmar Zoeller ; [versión de L. F. Larrañaga, J. Mendiguren].
260 _a[Bilbao] :
_bDesclée de Brouwer,
_c[1970] (
_fEd. Vizcaína)
300 _a167 p. ;
_c21 cm.
700 1 _aLarrañaga, L. F.
_970309
700 1 _aMendiguren, Xabier (
_qMendiguren Bilbao)
_9174309
852 _aES-MaACL
_jC-47020
_bR.76184
999 _c128291
_d128291